[Event "Benidorm Satellite preliminary"]
[Site "playchess.com #007036"]
[Date "2009.10.24"]
[Round "7"]
[White "Chesstiger9"]
[Black "Schachriese"]
[Result "0-1"]
[WhiteElo "2112"]
[BlackElo "2552"]
[PlyCount "132"]
[EventDate "2009.10.24"]
[EventType "swiss (blitz)"]

1. d4 {[%emt 0:00:01]} d5 {[%emt 0:00:02]} 2. Nf3 {[%emt 0:00:02]} f6 {[%emt 0:
00:01]} 3. Nc3 {[%emt 0:00:03]} c6 {[%emt 0:00:07]} 4. e4 {[%emt 0:00:01]} dxe4
{[%emt 0:00:01]} 5. Nxe4 {[%emt 0:00:01]} Bf5 {[%emt 0:00:10]} 6. Ng3 {[%emt 0:
00:02]} Bg6 {[%emt 0:00:04]} 7. Bc4 {[%emt 0:00:01]} Qd6 {[%emt 0:00:17]} 8.
O-O {[%emt 0:00:10]} Nd7 {[%emt 0:00:08]} 9. Re1 {[%emt 0:00:02]} Nb6 {[%emt 0:
00:04]} 10. Be6 {[%emt 0:00:05]} Bf7 {[%emt 0:00:22]} 11. Bxf7+ {[%emt 0:00:05]
} Kxf7 {[%emt 0:00:00]} 12. Qe2 {[%emt 0:00:05]} e6 {[%emt 0:00:10]} 13. c4 {
[%emt 0:00:03]} Qd7 {[%emt 0:00:03]} 14. Bf4 {[%emt 0:00:06]} Bb4 {[%emt 0:00:
06]} 15. Ne4 {[%emt 0:00:07]} Bxe1 {[%emt 0:00:16]} 16. Nd6+ {[%emt 0:00:03]}
Kf8 {[%emt 0:00:08]} 17. Rxe1 {[%emt 0:00:01]} Ne7 {[%emt 0:00:22]} 18. Qxe6 {
[%emt 0:00:19]} Ng6 {[%emt 0:00:03]} 19. Bg3 {[%emt 0:00:08]} Qxe6 {[%emt 0:00:
02]} 20. Rxe6 {[%emt 0:00:01]} h5 {[%emt 0:00:08]} 21. h4 {[%emt 0:00:09]} Kg8
{[%emt 0:00:12]} 22. b3 {[%emt 0:00:04]} Kh7 {[%emt 0:00:03]} 23. Nxb7 {[%emt
0:00:06]} Rae8 {[%emt 0:00:07]} 24. Rxc6 {[%emt 0:00:02]} Re2 {[%emt 0:00:07]}
25. d5 {[%emt 0:00:04]} Rxa2 {[%emt 0:00:03]} 26. d6 {[%emt 0:00:03]} Rb2 {
[%emt 0:00:05]} 27. Rc7 {[%emt 0:00:03]} Rxb3 {[%emt 0:00:03]} 28. d7 {[%emt 0:
00:01]} Nxd7 {[%emt 0:00:23]} 29. Rxd7 {[%emt 0:00:00]} Rc8 {[%emt 0:00:02]}
30. c5 {[%emt 0:00:02]} a5 {[%emt 0:00:03]} 31. Nd4 {[%emt 0:00:03]} Rb1+ {
[%emt 0:00:02]} 32. Kh2 {[%emt 0:00:01]} a4 {[%emt 0:00:01]} 33. Nf5 {[%emt 0:
00:02]} Kh8 {[%emt 0:00:05]} 34. Rxg7 {[%emt 0:00:04]} a3 {[%emt 0:00:02]} 35.
Rxg6 {[%emt 0:00:08]} a2 {[%emt 0:00:02]} 36. Nbd6 {[%emt 0:00:16]} Rc7 {[%emt
0:00:03]} 37. Rh6+ {[%emt 0:00:13]} Kg8 {[%emt 0:00:02]} 38. Rg6+ {[%emt 0:00:
04]} Kh8 {[%emt 0:00:02]} 39. Rh6+ {[%emt 0:00:13]} Rh7 {[%emt 0:00:02]} 40.
Rxf6 {[%emt 0:00:06]} Rh1+ {[%emt 0:00:01]} 41. Kxh1 {[%emt 0:00:02]} a1=Q+ {
[%emt 0:00:00]} 42. Kh2 {[%emt 0:00:02]} Qxf6 {[%emt 0:00:00]} 43. c6 {[%emt 0:
00:07]} Rc7 {[%emt 0:00:02]} 44. Ne4 {[%emt 0:00:04]} Qxf5 {[%emt 0:00:03]} 45.
Bxc7 {[%emt 0:00:01]} Qxe4 {[%emt 0:00:01]} 46. Bg3 {[%emt 0:00:09]} Qxc6 {
[%emt 0:00:01]} 47. f3 {[%emt 0:00:02]} Kh7 {[%emt 0:00:00]} 48. Bf4 {[%emt 0:
00:01]} Kg6 {[%emt 0:00:00]} 49. Kg3 {[%emt 0:00:01]} Kf5 {[%emt 0:00:00]} 50.
Bg5 {[%emt 0:00:01]} Qc4 {[%emt 0:00:01]} 51. Kf2 {[%emt 0:00:01]} Qc2+ {[%emt
0:00:01]} 52. Ke3 {[%emt 0:00:01]} Qxg2 {[%emt 0:00:02]} 53. f4 {[%emt 0:00:02]
} Kg4 {[%emt 0:00:01]} 54. Kd4 {[%emt 0:00:01]} Qf3 {[%emt 0:00:01]} 55. Ke5 {
[%emt 0:00:01]} Qe3+ {[%emt 0:00:02]} 56. Kd5 {[%emt 0:00:01]} Kf5 {[%emt 0:00:
01]} 57. Kd6 {[%emt 0:00:03]} Qe6+ {[%emt 0:00:02]} 58. Kc5 {[%emt 0:00:01]}
Qd7 {[%emt 0:00:01]} 59. Kc4 {[%emt 0:00:04]} Ke4 {[%emt 0:00:01]} 60. Kc5 {
[%emt 0:00:01]} Qc7+ {[%emt 0:00:02]} 61. Kb4 {[%emt 0:00:02]} Kd5 {[%emt 0:00:
02]} 62. Kb3 {[%emt 0:00:03]} Kd4 {[%emt 0:00:01]} 63. Kb2 {[%emt 0:00:02]} Kd3
{[%emt 0:00:01]} 64. Kb1 {[%emt 0:00:02]} Qc2+ {[%emt 0:00:01]} 65. Ka1 {[%emt
0:00:01]} Kc4 {[%emt 0:00:01]} 66. f5 {[%emt 0:00:01]} Kb3 {[%emt 0:00:01]
Chesstiger9 resigns  (Lag: Av=0.81s, max=5.5s)} 0-1

[Event "Benidorm Satellite preliminary"]
[Site "playchess.com #007036"]
[Date "2009.10.24"]
[Round "7"]
[White "Henrik"]
[Black "Matematika"]
[Result "1-0"]
[WhiteElo "1835"]
[BlackElo "2056"]
[PlyCount "143"]
[EventDate "2009.10.24"]
[EventType "swiss (blitz)"]

1. e4 {[%emt 0:00:03]} e6 {[%emt 0:00:03]} 2. d4 {[%emt 0:00:02]} d5 {[%emt 0:
00:01]} 3. Nc3 {[%emt 0:00:02]} Nf6 {[%emt 0:00:01]} 4. e5 {[%emt 0:00:04]}
Nfd7 {[%emt 0:00:01]} 5. f4 {[%emt 0:00:01]} c5 {[%emt 0:00:01]} 6. Nf3 {[%emt
0:00:01]} Nc6 {[%emt 0:00:01]} 7. Be3 {[%emt 0:00:01]} Qb6 {[%emt 0:00:02]} 8.
Rb1 {[%emt 0:00:10]} f6 {[%emt 0:00:08]} 9. Qd2 {[%emt 0:00:09]} cxd4 {[%emt 0:
00:04]} 10. Nxd4 {[%emt 0:00:05]} Nxd4 {[%emt 0:00:05]} 11. Bxd4 {[%emt 0:00:
01]} Bc5 {[%emt 0:00:02]} 12. Na4 {[%emt 0:00:19]} Qc7 {[%emt 0:00:16]} 13.
Nxc5 {[%emt 0:00:04]} Nxc5 {[%emt 0:00:01]} 14. exf6 {[%emt 0:00:17]} gxf6 {
[%emt 0:00:03]} 15. Bxf6 {[%emt 0:00:05]} Rf8 {[%emt 0:00:01]} 16. Be5 {[%emt
0:00:03]} Qc6 {[%emt 0:00:09]} 17. Be2 {[%emt 0:00:03]} Ne4 {[%emt 0:00:05]}
18. Qd3 {[%emt 0:00:37]} Bd7 {[%emt 0:00:10]} 19. O-O {[%emt 0:00:07]} O-O-O {
[%emt 0:00:05]} 20. c4 {[%emt 0:00:17]} dxc4 {[%emt 0:00:15]} 21. Qxc4 {[%emt
0:00:08]} Qxc4 {[%emt 0:00:01]} 22. Bxc4 {[%emt 0:00:01]} Nd2 {[%emt 0:00:21]}
23. Rbc1 {[%emt 0:00:02]} Nxc4 {[%emt 0:00:07]} 24. Rxc4+ {[%emt 0:00:00]} Bc6
{[%emt 0:00:01]} 25. b4 {[%emt 0:00:06]} a6 {[%emt 0:00:01]} 26. a4 {[%emt 0:
00:02]} Rd5 {[%emt 0:00:02]} 27. Rfc1 {[%emt 0:00:12]} Kd7 {[%emt 0:00:02]} 28.
a5 {[%emt 0:00:21]} Rg8 {[%emt 0:00:07]} 29. g3 {[%emt 0:00:02]} Rd2 {[%emt 0:
00:06]} 30. R4c2 {[%emt 0:00:02]} Rd5 {[%emt 0:00:06]} 31. Kf2 {[%emt 0:00:05]}
Rf8 {[%emt 0:00:04]} 32. Ke3 {[%emt 0:00:02]} Rxe5+ {[%emt 0:00:10]} 33. fxe5 {
[%emt 0:00:02]} Rf3+ {[%emt 0:00:01]} 34. Ke2 {[%emt 0:00:02]} Rb3 {[%emt 0:00:
02]} 35. Rc4 {[%emt 0:00:03]} Bb5 {[%emt 0:00:02]} 36. Kd2 {[%emt 0:00:15]}
Bxc4 {[%emt 0:00:02]} 37. Rxc4 {[%emt 0:00:00]} Rb2+ {[%emt 0:00:01]} 38. Ke3 {
[%emt 0:00:10] Henrik bietet Remis} Rxh2 {[%emt 0:00:02]} 39. Kf4 {[%emt 0:00:
03]} Re2 {[%emt 0:00:02]} 40. g4 {[%emt 0:00:06]} h6 {[%emt 0:00:05]} 41. Rc3 {
[%emt 0:00:01]} Rb2 {[%emt 0:00:02]} 42. Rc4 {[%emt 0:00:01]} Rd2 {[%emt 0:00:
04]} 43. Rc3 {[%emt 0:00:02]} Rd4+ {[%emt 0:00:01]} 44. Kf3 {[%emt 0:00:01]}
Rxb4 {[%emt 0:00:01]} 45. Rd3+ {[%emt 0:00:01]} Ke7 {[%emt 0:00:02]} 46. Rc3 {
[%emt 0:00:01]} Kf7 {[%emt 0:00:06]} 47. Rc7+ {[%emt 0:00:01]} Kg6 {[%emt 0:00:
02]} 48. Re7 {[%emt 0:00:01]} Kg5 {[%emt 0:00:01]} 49. Rxe6 {[%emt 0:00:01]}
Rb3+ {[%emt 0:00:01]} 50. Ke4 {[%emt 0:00:01]} Kxg4 {[%emt 0:00:02]} 51. Rxh6 {
[%emt 0:00:02]} Rb5 {[%emt 0:00:03]} 52. Rb6 {[%emt 0:00:01]} Rxa5 {[%emt 0:00:
02]} 53. Rxb7 {[%emt 0:00:01]} Ra4+ {[%emt 0:00:02]} 54. Kd5 {[%emt 0:00:01]}
Kf5 {[%emt 0:00:03]} 55. Rf7+ {[%emt 0:00:01]} Kg6 {[%emt 0:00:01]} 56. Rf2 {
[%emt 0:00:01]} Ra1 {[%emt 0:00:04]} 57. Kd6 {[%emt 0:00:01]} Rd1+ {[%emt 0:00:
02]} 58. Ke7 {[%emt 0:00:01]} a5 {[%emt 0:00:01]} 59. e6 {[%emt 0:00:01]} a4 {
[%emt 0:00:01]} 60. Ke8 {[%emt 0:00:01]} a3 {[%emt 0:00:01]} 61. Ra2 {[%emt 0:
00:01]} Rd3 {[%emt 0:00:02]} 62. e7 {[%emt 0:00:01]} Kg7 {[%emt 0:00:02]} 63.
Rg2+ {[%emt 0:00:02]} Kf6 {[%emt 0:00:01]} 64. Rf2+ {[%emt 0:00:01]} Kg7 {
[%emt 0:00:02]} 65. Rg2+ {[%emt 0:00:01]} Kf6 {[%emt 0:00:01]} 66. Kf8 {[%emt
0:00:01]} Re3 {[%emt 0:00:04]} 67. e8=Q {[%emt 0:00:03]} Rxe8+ {[%emt 0:00:01]}
68. Kxe8 {[%emt 0:00:00]} Ke5 {[%emt 0:00:01]} 69. Ra2 {[%emt 0:00:01]} Kd4 {
[%emt 0:00:01]} 70. Rxa3 {[%emt 0:00:01]} Kc4 {[%emt 0:00:00]} 71. Re3 {[%emt
0:00:01]} Kb4 {[%emt 0:00:00]} 72. Kd7 {[%emt 0:00:01] Matematika resigns} 1-0

[Event "Benidorm Satellite preliminary"]
[Site "playchess.com #007036"]
[Date "2009.10.24"]
[Round "7"]
[White "Kshorg"]
[Black "Jahhaj"]
[Result "0-1"]
[WhiteElo "1730"]
[BlackElo "1893"]
[PlyCount "124"]
[EventDate "2009.10.24"]
[EventType "swiss (blitz)"]

1. g3 {[%emt 0:00:02]} d5 {[%emt 0:00:03]} 2. Bg2 {[%emt 0:00:01]} Nf6 {[%emt
0:00:01]} 3. d3 {[%emt 0:00:01]} e5 {[%emt 0:00:03]} 4. Nd2 {[%emt 0:00:01]}
Be7 {[%emt 0:00:03]} 5. a3 {[%emt 0:00:02]} O-O {[%emt 0:00:01]} 6. b4 {[%emt
0:00:01]} c6 {[%emt 0:00:03]} 7. Bb2 {[%emt 0:00:01]} Bd6 {[%emt 0:00:09]} 8.
e3 {[%emt 0:00:01]} Bg4 {[%emt 0:00:04]} 9. f3 {[%emt 0:00:04]} Be6 {[%emt 0:
00:05]} 10. Ne2 {[%emt 0:00:01]} Nbd7 {[%emt 0:00:02]} 11. O-O {[%emt 0:00:01]}
Rc8 {[%emt 0:00:09]} 12. c4 {[%emt 0:00:01]} dxc4 {[%emt 0:00:12]} 13. Nxc4 {
[%emt 0:00:01]} Bb8 {[%emt 0:00:01]} 14. Rc1 {[%emt 0:00:12]} Nd5 {[%emt 0:00:
06]} 15. f4 {[%emt 0:00:15]} b5 {[%emt 0:00:09]} 16. Bxd5 {[%emt 0:00:25]} cxd5
{[%emt 0:00:13]} 17. Nxe5 {[%emt 0:00:07]} Nxe5 {[%emt 0:00:06]} 18. Bxe5 {
[%emt 0:00:03]} Bxe5 {[%emt 0:00:02]} 19. fxe5 {[%emt 0:00:01]} Qg5 {[%emt 0:
00:08]} 20. Nf4 {[%emt 0:00:18]} Qxe5 {[%emt 0:00:02]} 21. Qe2 {[%emt 0:00:07]}
Rc3 {[%emt 0:00:26]} 22. Rxc3 {[%emt 0:00:27]} Qxc3 {[%emt 0:00:01]} 23. Nxe6 {
[%emt 0:00:08]} fxe6 {[%emt 0:00:00]} 24. Rxf8+ {[%emt 0:00:02]} Kxf8 {[%emt 0:
00:01]} 25. Qg4 {[%emt 0:00:05]} Qe1+ {[%emt 0:00:13]} 26. Kg2 {[%emt 0:00:02]}
Qxe3 {[%emt 0:00:01]} 27. Qh4 {[%emt 0:00:12]} Qd2+ {[%emt 0:00:22]} 28. Kg1 {
[%emt 0:00:04]} Qxd3 {[%emt 0:00:29]} 29. Qd8+ {[%emt 0:00:10]} Kf7 {[%emt 0:
00:01]} 30. Qd7+ {[%emt 0:00:04]} Kf6 {[%emt 0:00:01]} 31. Qxa7 {[%emt 0:00:09]
} d4 {[%emt 0:00:11]} 32. Qd7 {[%emt 0:00:18]} Qe3+ {[%emt 0:00:03]} 33. Kg2 {
[%emt 0:00:03]} d3 {[%emt 0:00:03]} 34. Qd8+ {[%emt 0:00:03]} Ke5 {[%emt 0:00:
05]} 35. Qc7+ {[%emt 0:00:04]} Ke4 {[%emt 0:00:21]} 36. Qd6 {[%emt 0:00:08]} d2
{[%emt 0:00:03]} 37. Qxe6+ {[%emt 0:00:05]} Kd3 {[%emt 0:00:01]} 38. Qb3+ {
[%emt 0:00:13] .} Ke2 {[%emt 0:00:01]} 39. Qb2 {[%emt 0:00:06]} Qf2+ {[%emt 0:
00:02]} 40. Kh3 {[%emt 0:00:01]} Qf5+ {[%emt 0:00:02]} 41. Kg2 {[%emt 0:00:02]}
Qd5+ {[%emt 0:00:01]} 42. Kh3 {[%emt 0:00:01]} Ke1 {[%emt 0:00:01]} 43. Qb1+ {
[%emt 0:00:08]} d1=Q {[%emt 0:00:02]} 44. Qxd1+ {[%emt 0:00:01]} Kxd1 {[%emt 0:
00:01]} 45. g4 {[%emt 0:00:01]} g5 {[%emt 0:00:02]} 46. Kg3 {[%emt 0:00:00]}
Qd3+ {[%emt 0:00:01]} 47. Kf2 {[%emt 0:00:01]} Qe2+ {[%emt 0:00:02]} 48. Kg3 {
[%emt 0:00:01]} Qe3+ {[%emt 0:00:01]} 49. Kg2 {[%emt 0:00:01]} Kd2 {[%emt 0:00:
01]} 50. h3 {[%emt 0:00:01]} Kd3 {[%emt 0:00:01]} 51. h4 {[%emt 0:00:02]} h6 {
[%emt 0:00:01]} 52. a4 {[%emt 0:00:01]} bxa4 {[%emt 0:00:01]} 53. hxg5 {[%emt
0:00:01]} hxg5 {[%emt 0:00:01]} 54. b5 {[%emt 0:00:00]} Ke4 {[%emt 0:00:01]}
55. b6 {[%emt 0:00:01]} Qf3+ {[%emt 0:00:01]} 56. Kg1 {[%emt 0:00:01]} Ke3 {
[%emt 0:00:02]} 57. Kh2 {[%emt 0:00:02]} Qb7 {[%emt 0:00:04]} 58. Kg3 {[%emt 0:
00:02]} Qxb6 {[%emt 0:00:02]} 59. Kg2 {[%emt 0:00:01]} Kf4 {[%emt 0:00:02]} 60.
Kf1 {[%emt 0:00:01]} Qb2 {[%emt 0:00:01]} 61. Ke1 {[%emt 0:00:02]} Ke3 {[%emt
0:00:01]} 62. Kf1 {[%emt 0:00:00]} Qf2# {[%emt 0:00:01]} 0-1

[Event "Benidorm Satellite preliminary"]
[Site "playchess.com #007036"]
[Date "2009.10.24"]
[Round "7"]
[White "Nußhardt"]
[Black "huseyinist"]
[Result "1/2-1/2"]
[WhiteElo "1701"]
[BlackElo "1461"]
[PlyCount "110"]
[EventDate "2009.10.24"]
[EventType "swiss (blitz)"]

1. d4 {[%emt 0:00:05]} Nf6 {[%emt 0:00:02]} 2. e4 {[%emt 0:00:01]} Nxe4 {[%emt
0:00:04]} 3. f3 {[%emt 0:00:01]} Nf6 {[%emt 0:00:02]} 4. Bd3 {[%emt 0:00:01]}
e6 {[%emt 0:00:01]} 5. Be3 {[%emt 0:00:02]} Be7 {[%emt 0:00:00]} 6. Ne2 {[%emt
0:00:02]} O-O {[%emt 0:00:01]} 7. c3 {[%emt 0:00:01]} d5 {[%emt 0:00:01]} 8. f4
{[%emt 0:00:02]} Ne4 {[%emt 0:00:03]} 9. Bxe4 {[%emt 0:00:03]} dxe4 {[%emt 0:
00:01]} 10. Ng3 {[%emt 0:00:02]} f5 {[%emt 0:00:02]} 11. O-O {[%emt 0:00:04]}
Bd7 {[%emt 0:00:07]} 12. Nd2 {[%emt 0:00:03]} Be8 {[%emt 0:00:06]} 13. c4 {
[%emt 0:00:03]} c6 {[%emt 0:00:02]} 14. b3 {[%emt 0:00:03]} Bh4 {[%emt 0:00:06]
} 15. Bf2 {[%emt 0:00:03]} Bf6 {[%emt 0:00:02]} 16. Nb1 {[%emt 0:00:06]} c5 {
[%emt 0:00:01]} 17. Nc3 {[%emt 0:00:12]} cxd4 {[%emt 0:00:03]} 18. Nb5 {[%emt
0:00:03]} Bxb5 {[%emt 0:00:02]} 19. cxb5 {[%emt 0:00:02]} d3 {[%emt 0:00:01]}
20. Rc1 {[%emt 0:00:03]} Nd7 {[%emt 0:00:06]} 21. Qd2 {[%emt 0:00:07]} Nb6 {
[%emt 0:00:08]} 22. Nh5 {[%emt 0:00:20]} Bd4 {[%emt 0:00:07]} 23. Bxd4 {[%emt
0:00:03]} Qxd4+ {[%emt 0:00:01]} 24. Kh1 {[%emt 0:00:06]} Rac8 {[%emt 0:00:03]}
25. Rcd1 {[%emt 0:00:08]} Qc3 {[%emt 0:00:16]} 26. Qe3 {[%emt 0:00:10]} Nd5 {
[%emt 0:00:13]} 27. Qg3 {[%emt 0:00:04]} g6 {[%emt 0:00:20]} 28. Qg5 {[%emt 0:
00:05]} Rf7 {[%emt 0:00:24]} 29. Ng3 {[%emt 0:00:03]} e3 {[%emt 0:00:11]} 30.
Rfe1 {[%emt 0:00:15]} e2 {[%emt 0:00:09]} 31. Nxe2 {[%emt 0:00:03]} dxe2 {
[%emt 0:00:16]} 32. Rxe2 {[%emt 0:00:04]} Re8 {[%emt 0:00:13]} 33. h3 {[%emt 0:
00:04]} Qb4 {[%emt 0:00:14]} 34. Rxd5 {[%emt 0:00:05]} exd5 {[%emt 0:00:10]}
35. Rxe8+ {[%emt 0:00:05]} Kg7 {[%emt 0:00:00]} 36. Re2 {[%emt 0:00:45] .} Qxb5
{[%emt 0:00:02]} 37. Re7 {[%emt 0:00:06]} Qf1+ {[%emt 0:00:27]} 38. Kh2 {[%emt
0:00:04]} Qa6 {[%emt 0:00:06]} 39. h4 {[%emt 0:00:10]} b5 {[%emt 0:00:03]} 40.
h5 {[%emt 0:00:03]} Qf6 {[%emt 0:00:01]} 41. Rxf7+ {[%emt 0:00:07]} Kxf7 {
[%emt 0:00:03]} 42. Qh6 {[%emt 0:00:10]} gxh5 {[%emt 0:00:02]} 43. Kg1 {[%emt
0:00:05]} Ke6 {[%emt 0:00:00]} 44. Qxh5 {[%emt 0:00:05]} Qg6 {[%emt 0:00:01]}
45. Qh3 {[%emt 0:00:02]} a5 {[%emt 0:00:01]} 46. Qe3+ {[%emt 0:00:02]} Kf7 {
[%emt 0:00:01]} 47. Qe5 {[%emt 0:00:02]} Qe6 {[%emt 0:00:01]} 48. Qh8 {[%emt 0:
00:02]} Qg6 {[%emt 0:00:02]} 49. Qd8 {[%emt 0:00:03]} a4 {[%emt 0:00:04]} 50.
Qxd5+ {[%emt 0:00:02]} Qe6 {[%emt 0:00:05]} 51. Qxb5 {[%emt 0:00:01]} Qe1+ {
[%emt 0:00:01]} 52. Kh2 {[%emt 0:00:03]} Qh4+ {[%emt 0:00:00]} 53. Kg1 {[%emt
0:00:03]} Qe1+ {[%emt 0:00:00]} 54. Kh2 {[%emt 0:00:03]} Qh4+ {[%emt 0:00:00]}
55. Kg1 {[%emt 0:00:01]} Qe1+ {[%emt 0:00:01]} 1/2-1/2

[Event "Benidorm Satellite preliminary"]
[Site "playchess.com #007036"]
[Date "2009.10.24"]
[Round "7"]
[White "SteinerKarl"]
[Black "Mtudorache"]
[Result "0-1"]
[WhiteElo "1653"]
[BlackElo "1768"]
[PlyCount "102"]
[EventDate "2009.10.24"]
[EventType "swiss (blitz)"]

1. d4 {[%emt 0:00:03]} Nf6 {[%emt 0:00:08]} 2. Nf3 {[%emt 0:00:02]} g6 {[%emt
0:00:05]} 3. Nc3 {[%emt 0:00:03]} d5 {[%emt 0:00:02]} 4. Bf4 {[%emt 0:00:05]}
c6 {[%emt 0:00:01]} 5. e3 {[%emt 0:00:06]} Bg7 {[%emt 0:00:10]} 6. Bd3 {[%emt
0:00:04]} O-O {[%emt 0:00:03]} 7. O-O {[%emt 0:00:02]} Bg4 {[%emt 0:00:08]} 8.
Be2 {[%emt 0:00:12]} Nbd7 {[%emt 0:00:25]} 9. Ne5 {[%emt 0:00:04]} Bxe2 {[%emt
0:00:03]} 10. Qxe2 {[%emt 0:00:04]} Nh5 {[%emt 0:00:05]} 11. Nxd7 {[%emt 0:00:
07]} Nxf4 {[%emt 0:00:01]} 12. exf4 {[%emt 0:00:08]} Qxd7 {[%emt 0:00:01]} 13.
Qd3 {[%emt 0:00:11]} Qg4 {[%emt 0:00:04]} 14. g3 {[%emt 0:00:05]} h5 {[%emt 0:
00:10]} 15. Rae1 {[%emt 0:00:12]} Rae8 {[%emt 0:00:05]} 16. Re2 {[%emt 0:00:13]
} Bh6 {[%emt 0:00:14]} 17. Rfe1 {[%emt 0:00:06]} e6 {[%emt 0:00:07]} 18. Qe3 {
[%emt 0:00:20]} h4 {[%emt 0:00:07]} 19. f3 {[%emt 0:00:08]} Qh3 {[%emt 0:00:02]
} 20. Qf2 {[%emt 0:00:31]} hxg3 {[%emt 0:00:19]} 21. Qxg3 {[%emt 0:00:10]}
Qxg3+ {[%emt 0:00:05]} 22. hxg3 {[%emt 0:00:02]} Bg7 {[%emt 0:00:01]} 23. Rd1 {
[%emt 0:00:08]} Bf6 {[%emt 0:00:02]} 24. g4 {[%emt 0:00:03]} Kg7 {[%emt 0:00:
01]} 25. Kg2 {[%emt 0:00:03]} Rh8 {[%emt 0:00:02]} 26. Kg3 {[%emt 0:00:04]} Rh7
{[%emt 0:00:01]} 27. Rh2 {[%emt 0:00:03]} Reh8 {[%emt 0:00:11]} 28. Rxh7+ {
[%emt 0:00:03]} Rxh7 {[%emt 0:00:00]} 29. Ne2 {[%emt 0:00:03]} Bh4+ {[%emt 0:
00:01]} 30. Kg2 {[%emt 0:00:03]} Bf6 {[%emt 0:00:14]} 31. c3 {[%emt 0:00:03]}
b6 {[%emt 0:00:03]} 32. Ng3 {[%emt 0:00:04]} c5 {[%emt 0:00:05]} 33. dxc5 {
[%emt 0:00:05]} bxc5 {[%emt 0:00:01]} 34. f5 {[%emt 0:00:01]} Be5 {[%emt 0:00:
33] '} 35. fxg6 {[%emt 0:00:13]} Kxg6 {[%emt 0:00:04]} 36. Re1 {[%emt 0:00:08]}
Bf4 {[%emt 0:00:03]} 37. Nh5 {[%emt 0:00:04]} Bg5 {[%emt 0:00:03]} 38. f4 {
[%emt 0:00:03]} Bd8 {[%emt 0:00:03]} 39. Ng3 {[%emt 0:00:04]} Rh8 {[%emt 0:00:
02]} 40. f5+ {[%emt 0:00:02]} exf5 {[%emt 0:00:06]} 41. Nxf5 {[%emt 0:00:02]}
Bc7 {[%emt 0:00:04]} 42. Re7 {[%emt 0:00:03]} Rh2+ {[%emt 0:00:02]} 43. Kf1 {
[%emt 0:00:02]} Bf4 {[%emt 0:00:04]} 44. Rb7 {[%emt 0:00:03]} Rd2 {[%emt 0:00:
09]} 45. a3 {[%emt 0:00:01]} Rc2 {[%emt 0:00:02]} 46. b4 {[%emt 0:00:03]} cxb4
{[%emt 0:00:01]} 47. cxb4 {[%emt 0:00:02]} Ra2 {[%emt 0:00:00]} 48. Rxa7 {
[%emt 0:00:02]} Kg5 {[%emt 0:00:04]} 49. Nd4 {[%emt 0:00:03]} Kxg4 {[%emt 0:00:
01]} 50. Ne2 {[%emt 0:00:03]} Kf3 {[%emt 0:00:01]} 51. Nxf4 {[%emt 0:00:02]}
Ra1# {[%emt 0:00:00]} 0-1

[Event "Benidorm Satellite preliminary"]
[Site "playchess.com #007036"]
[Date "2009.10.24"]
[Round "7"]
[White "Hardrock"]
[Black "Wethalon"]
[Result "1-0"]
[WhiteElo "2594"]
[BlackElo "2474"]
[PlyCount "115"]
[EventDate "2009.10.24"]
[EventType "swiss (blitz)"]

1. d4 {[%emt 0:00:00]} c5 {[%emt 0:00:01]} 2. d5 {[%emt 0:00:02]} Nf6 {[%emt 0:
00:02]} 3. c4 {[%emt 0:00:01]} b5 {[%emt 0:00:01]} 4. cxb5 {[%emt 0:00:02]} a6
{[%emt 0:00:00]} 5. bxa6 {[%emt 0:00:02]} g6 {[%emt 0:00:02]} 6. Nc3 {[%emt 0:
00:01]} Bxa6 {[%emt 0:00:02]} 7. Nf3 {[%emt 0:00:03]} d6 {[%emt 0:00:03]} 8. g3
{[%emt 0:00:02]} Bg7 {[%emt 0:00:01]} 9. e4 {[%emt 0:00:00]} Bxf1 {[%emt 0:00:
02]} 10. Kxf1 {[%emt 0:00:00]} O-O {[%emt 0:00:02]} 11. Kg2 {[%emt 0:00:00]}
Nbd7 {[%emt 0:00:03]} 12. Re1 {[%emt 0:00:01]} Ra7 {[%emt 0:00:02]} 13. Qe2 {
[%emt 0:00:15]} Qa8 {[%emt 0:00:02]} 14. h3 {[%emt 0:00:18]} Rb8 {[%emt 0:00:
04]} 15. Bg5 {[%emt 0:00:03]} Nb6 {[%emt 0:00:04]} 16. Bd2 {[%emt 0:00:10]} Na4
{[%emt 0:00:04]} 17. b3 {[%emt 0:00:09]} Nxc3 {[%emt 0:00:25]} 18. Bxc3 {[%emt
0:00:00]} Ra3 {[%emt 0:00:05]} 19. Qd2 {[%emt 0:00:01]} Nd7 {[%emt 0:00:46]}
20. Bxg7 {[%emt 0:00:06]} Kxg7 {[%emt 0:00:01]} 21. Qc2 {[%emt 0:00:12]} f6 {
[%emt 0:00:05]} 22. Nd2 {[%emt 0:00:09]} Rb4 {[%emt 0:00:31]} 23. Nc4 {[%emt 0:
00:11]} Ra6 {[%emt 0:00:01]} 24. a3 {[%emt 0:00:09]} Rb8 {[%emt 0:00:04]} 25.
a4 {[%emt 0:00:01]} Rb4 {[%emt 0:00:05]} 26. Re3 {[%emt 0:00:12]} Ne5 {[%emt 0:
00:08]} 27. Nd2 {[%emt 0:00:10]} c4 {[%emt 0:00:21]} 28. f4 {[%emt 0:00:15]}
cxb3 {[%emt 0:00:04]} 29. Qc3 {[%emt 0:00:13]} b2 {[%emt 0:00:07]} 30. Rb1 {
[%emt 0:00:03]} Raxa4 {[%emt 0:00:18]} 31. fxe5 {[%emt 0:00:03]} fxe5 {[%emt 0:
00:01]} 32. Rxb2 {[%emt 0:00:10]} Rd4 {[%emt 0:00:01]} 33. Rf3 {[%emt 0:00:10]}
Ra1 {[%emt 0:00:13]} 34. Nb3 {[%emt 0:00:09]} Ra3 {[%emt 0:00:04]} 35. Nxd4 {
[%emt 0:00:07]} Rxc3 {[%emt 0:00:01]} 36. Ne6+ {[%emt 0:00:00]} Kh6 {[%emt 0:
00:02]} 37. Rxc3 {[%emt 0:00:03]} Qa4 {[%emt 0:00:02]} 38. Re2 {[%emt 0:00:03]}
Qb4 {[%emt 0:00:03]} 39. Rce3 {[%emt 0:00:03]} g5 {[%emt 0:00:01]} 40. Rf2 {
[%emt 0:00:07]} Kg6 {[%emt 0:00:01]} 41. g4 {[%emt 0:00:09]} h5 {[%emt 0:00:02]
} 42. gxh5+ {[%emt 0:00:07]} Kxh5 {[%emt 0:00:01]} 43. Ree2 {[%emt 0:00:01]} g4
{[%emt 0:00:03]} 44. hxg4+ {[%emt 0:00:04]} Kxg4 {[%emt 0:00:01]} 45. Re3 {
[%emt 0:00:01]} Qc4 {[%emt 0:00:06]} 46. Rg3+ {[%emt 0:00:02]} Kh4 {[%emt 0:00:
01]} 47. Rh3+ {[%emt 0:00:04]} Kg4 {[%emt 0:00:01]} 48. Rg3+ {[%emt 0:00:01]}
Kh4 {[%emt 0:00:00]} 49. Ng5 {[%emt 0:00:01]} Qc1 {[%emt 0:00:12]} 50. Nf3+ {
[%emt 0:00:01]} Kh5 {[%emt 0:00:01]} 51. Rg5+ {[%emt 0:00:03]} Kh6 {[%emt 0:00:
01]} 52. Kg3 {[%emt 0:00:02]} Qf4+ {[%emt 0:00:01]} 53. Kg2 {[%emt 0:00:02]}
Qxe4 {[%emt 0:00:01]} 54. Kh1 {[%emt 0:00:13] .} Qxf3+ {[%emt 0:00:11]} 55.
Rxf3 {[%emt 0:00:01]} Kxg5 {[%emt 0:00:00]} 56. Kg2 {[%emt 0:00:00]} e4 {[%emt
0:00:00]} 57. Rf7 {[%emt 0:00:01]} e5 {[%emt 0:00:01]} 58. dxe6 {[%emt 0:00:01]
Wethalon resigns} 1-0